Quiz o Coca-Coli - Statystyki

Ogólne statystyki
  • Ten quiz został rozwiązany 62 razy
  • Średni wynik to 5 z 17
Statystyki odpowiedzi
Hint Odpowiedź % Poprawnych
Czerwony
78%
Barwy Biały
76%
Największy Konkurent Pepsi
76%
Główne Inne Napoje Branży Coca Cola Company Fanta
63%
Sprite
63%
Rok Powstania 1886
33%
Nazwa Spółki Wydającej Coca Cole The Coca-Cola Company
31%
Nestea
17%
Cappy
13%
Coca-Cola Zero
13%
Coca-COLA Cherry
11%
Kropla Beskidu
11%
Cztery Główne Smaki Coli Nie Licząc Normalnej Coca-Cola Lime
9%
Kinley Tonic
7%
Burn
6%
Twórca Receptury Coli John Pemberton
6%
Coca-Cola Vanillia
4%
Nie znaleziono quizów pasujących do podanych kryteriów
Rozkład punktacji
Procent ludzi z każdym wynikiem
Percentyl według liczby udzielonych odpowiedzi
Twoja historia wyników
Nie rozwiązałeś tego quizu